National Anthem of Philippines - "Lupang Hinirang" - Statistics

General Stats
  • This quiz has been taken 109 times
  • The average score is 54 of 85
Answer Stats
Answer % Correct
Bayang
94%
magiliw,
93%
hinirang,
88%
Lupang
88%
perlas
87%
ng
85%
puso
85%
ng
84%
sa
84%
alab
82%
buhay.
82%
dibdib
82%
mo'y
82%
ng
81%
ka
79%
sa
79%
silanganan,
79%
at
78%
bundok,
78%
dagat
78%
di
78%
duyan
78%
ka
78%
manlulupig
78%
pasisiil.
78%
Sa
78%
sa
78%
at
76%
langit
76%
magiting,
76%
mong
76%
sa
76%
simoy
76%
bughaw,
75%
may
73%
ang
72%
dilag
72%
at
67%
awit
67%
tula
67%
sa
66%
minamahal.
64%
Ang
63%
kislap
63%
ng
63%
paglayang
63%
watawat
63%
mo'y
61%
na
61%
tagumpay
60%
ang
58%
araw
55%
bituin
55%
at
54%
Lupa
52%
pa
52%
kailan
51%
ma'y
51%
nagniningning;
51%
araw,
49%
ng
49%
di
48%
magdidilim.
48%
niya,
48%
pagsinta,
46%
mo;
45%
sa
45%
'yo.
45%
aming
43%
buhay
43%
langit
43%
ligaya
43%
na
43%
piling
43%
sa
43%
ang
42%
dahil
42%
mamatay
42%
ng
42%
'pag
42%
mang-aapi,
40%
may
40%
ay
37%
luwalhati't
36%
nang
36%
No matching quizzes found
Score Distribution
Percent of People with Each Score
Percentile by Number Answered
Your Score History
You have not taken this quiz